The teammates / (Record no. 466)

MARC details
000 -LEADER
fixed length control field 01195cam a22003614a 4500
005 - DATE AND TIME OF LATEST TRANSACTION
control field 20260322212021.0
008 - FIXED-LENGTH DATA ELEMENTS--GENERAL INFORMATION
fixed length control field data
010 ## - LIBRARY OF CONGRESS CONTROL NUMBER
LC control number 2003042334
020 ## - INTERNATIONAL STANDARD BOOK NUMBER
International Standard Book Number 140130057X
020 ## - INTERNATIONAL STANDARD BOOK NUMBER
International Standard Book Number 9781401300579
040 ## - CATALOGING SOURCE
Original cataloging agency DLC
Transcribing agency DLC
Modifying agency DLC
042 ## - AUTHENTICATION CODE
Authentication code pcc
043 ## - GEOGRAPHIC AREA CODE
Geographic area code n-us-ma
-- n-us-ma
050 00 - LIBRARY OF CONGRESS CALL NUMBER
Classification number GV865.A1
Item number H33 2003
082 00 - DEWEY DECIMAL CLASSIFICATION NUMBER
Classification number B
-- B
Edition information 21
092 ## - LOCALLY ASSIGNED DEWEY CALL NUMBER (OCLC)
Classification number 796.35 H33 2003
001 - CONTROL NUMBER
control field data
100 1# - MAIN ENTRY--PERSONAL NAME
Personal name Halberstam, David.
245 14 - TITLE STATEMENT
Title The teammates /
Statement of responsibility, etc. David Halberstam.
250 ## - EDITION STATEMENT
Edition statement 1st ed.
260 ## - PUBLICATION, DISTRIBUTION, ETC.
Place of publication, distribution, etc. New York :
Name of publisher, distributor, etc. Hyperion,
Date of publication, distribution, etc. c2003.
300 ## - PHYSICAL DESCRIPTION
Extent 217 p. :
Other physical details ill. ;
Dimensions 22 cm.
600 10 - SUBJECT ADDED ENTRY--PERSONAL NAME
Personal name Williams, Ted,
Dates associated with a name 1918-2002.
600 10 - SUBJECT ADDED ENTRY--PERSONAL NAME
Personal name Doerr, Bobby,
Dates associated with a name 1918-
600 10 - SUBJECT ADDED ENTRY--PERSONAL NAME
Personal name DiMaggio, Dom.
600 10 - SUBJECT ADDED ENTRY--PERSONAL NAME
Personal name Pesky, Johnny,
Dates associated with a name 1919-
610 20 - SUBJECT ADDED ENTRY--CORPORATE NAME
Corporate name or jurisdiction name as entry element Boston Red Sox (Baseball team)
650 #0 - SUBJECT ADDED ENTRY--TOPICAL TERM
Topical term or geographic name entry element Baseball players
Geographic subdivision United States
Form subdivision Biography.
650 #0 - SUBJECT ADDED ENTRY--TOPICAL TERM
Topical term or geographic name entry element Male friendship
Geographic subdivision United States.
906 ## - LOCAL DATA ELEMENT F, LDF (RLIN)
a 7
b cbc
c orignew
d 1
e ocip
f 20
g y-gencatlg
925 0# -
-- acquire
-- 2 shelf copies
-- policy default
955 ## - COPY-LEVEL INFORMATION (RLIN)
-- sj13 2003-03-05
-- sj05 2003-03-07 to Dewey;
-- pv03 2003-08-27 CIP ver. to BCCD
Holdings
Withdrawn status Lost status Damaged status Not for loan Home library Current library Shelving location Date acquired Total checkouts Full call number Barcode Date last seen Price effective from Koha item type
        Centerville Centerville General stacks 22/03/2026   796.357/092/2 B 21 BC0010477 22/03/2026 22/03/2026 Books